|
|
|
|
| LEADER |
00000nam a2200000 a 4500 |
| 001 |
vtls008294668 |
| 003 |
SK-MaSNL |
| 005 |
20260302003507.0 |
| 008 |
240313s xr f p 000 0 fre |
| 020 |
|
|
|a 8086119157
|q (brož.)
|
| 040 |
|
|
|a SNK
|b slo
|c SNK
|e AACR2
|
| 041 |
0 |
|
|a cze
|a fre
|
| 043 |
|
|
|a e-fr---
|
| 044 |
|
|
|a xr
|c CZ
|
| 072 |
|
7 |
|a 811.133.1
|x Francúzština
|2 konspekt
|
| 080 |
|
|
|a 658.114
|2 2001
|
| 080 |
|
|
|a 339
|2 2001
|
| 080 |
|
|
|a 81`373.46
|2 2001
|
| 080 |
|
|
|a (075.8)
|2 2001
|
| 080 |
|
|
|a 658
|2 2001
|
| 080 |
|
|
|a 005.91:82-6
|2 2001
|
| 080 |
|
|
|a 811.133.1
|2 2001
|
| 080 |
|
|
|a (44)
|2 2001
|
| 100 |
1 |
|
|a Kozmová, Jana
|d 1949-
|4 aut
|9 314149
|
| 245 |
1 |
0 |
|a Francouzština v podnikové a obchodní praxi
|c Jana Kozmová, Pierre Brouland
|
| 250 |
|
|
|a 1. vyd.
|
| 260 |
|
|
|a Praha
|b Ekopress
|c 2005
|
| 300 |
|
|
|a 258 s.
|b tab.
|c 22 cm
|
| 546 |
|
|
|a Fran. a čes. text
|
| 650 |
0 |
7 |
|a obchod
|2 SNKPH
|9 2198
|
| 650 |
0 |
7 |
|a obchodná korešpondencia
|2 SNKPH
|9 878
|
| 650 |
0 |
7 |
|a odborná terminológia
|2 SNKPH
|9 3616
|
| 650 |
0 |
7 |
|a podnikový manažment
|2 SNKPH
|9 3483
|
| 650 |
0 |
7 |
|a podnikanie
|2 SNKPH
|9 1757
|
| 650 |
0 |
7 |
|a francúzština
|2 SNKPH
|9 1355
|
| 651 |
|
7 |
|a Francúzsko
|2 SNKPHgeo
|9 15907
|
| 655 |
|
7 |
|a učebnice vysokých škôl
|2 SNKPH
|9 70191
|
| 700 |
1 |
|
|a Brouland, Pierre,
|d 1963-
|4 aut
|9 90388
|
| 919 |
|
|
|a 80-86119-15-7
|
| 999 |
|
|
|c 992223
|d 994153
|
| 952 |
|
|
|t snkFRA 651.7:804.0
|a SNKUST
|b SNKUST
|y PREZ
|7 0
|p 17A0521550
|o snkIC 133853
|i snk2006/18238
|8 4
|g 11.85
|0 0
|1 0
|4 0
|d 2006-09-05
|l 0
|r 2025-03-21 00:00:00
|w 2026-02-24
|